Club de la ligue Europa - Statistiques

Statistiques générales
  • Ce quiz a été pris 26 fois
  • Le résultat moyen est 15 sur 32
Statistiques - réponses
Hint Réponse % Correct
2 Manchester United
91%
2 Nantes
91%
2 Rennes
87%
1 Arsenal
70%
1 Betis
70%
3 FK Qarabag
70%
2 Monaco
70%
1 Real Sociedad
65%
1 Fribourg
61%
3 Lazio
61%
4 Olympiakos
61%
1 Fenerbahçe
57%
2 Roma
57%
2 Union Berlin
57%
3 Braga
52%
2 PSV Eindhoven
43%
3 Sheriff
43%
4 Dynamo Kiev
39%
1 Feyenoord
39%
4 Malmö
39%
3 AEK Larnaca
30%
4 Etoile Rouge
30%
1 Ferencváros TC
30%
3 Trabzonspor
30%
3 Bodo/Glimt
22%
4 FC Zürich
22%
1 Royal Union saint-gilloise
22%
4 Sturm Graz
17%
3 Ludogorets
13%
2 Midtjylland
13%
4 HJK Helsinki
9%
4 Omonia
9%
Aucun quiz correspondant
Distribution des résultats
% des personnes avec chaque résultat
Percentile par nombre de réponses
Votre historique - résultats
Vous n’avez pas pris ce quiz